000 00811nam a2200217 i 4500
001 61021
003 ES-MaACL
005 20230906164342.0
007 t|
008 031110s1968 sp ||||1| spa d
100 1 _aEsplugues, J.
_947936
245 1 0 _aCirculación coronaria
_b: aspectos fisiológicos y famacológicos /
_cponente, J. Esplugues ; colaboración de J.A. Salva, H. Bedate, A. Brugger.
250 _a[3ª ed.].
260 _aValencia :
_bFacultad de Medicina, Departamento de Farmacología,
_c1968.
300 _a156 p. ;
_c24 cm.
700 1 _aSalvá, J. A.
_9102054
700 1 _aBedate, Hermenegildo.
_926989
700 1 _aBrugger, A.
_932086
711 2 _aReunión de la Sociedad Española de Ciencias Fisiológicas (
_n11º.
_d1968.
_cValencia)
_9953
852 _aES-MaACL
_jC-34927
_bR.68243
999 _c61021
_d61021